MAASAI MARA UNIVERSITY

LIBRARY CATALOGUE

Contact Us: +254 020 2685356/7 or 0774 057787

Box: 861-20500, NAROK, KENYA

Email: info@mmarau.ac.ke

_Communication in the Classroom Applications and Methods for a Communicative Approach (Record no. 5946)

MARC details
000 -LEADER
fixed length control field 00410nam a2200133Ia 4500
008 - FIXED-LENGTH DATA ELEMENTS--GENERAL INFORMATION
fixed length control field 151021s9999 xx 000 0 und d
020 ## - INTERNATIONAL STANDARD BOOK NUMBER
International Standard Book Number 582058856
050 ## - LIBRARY OF CONGRESS CALL NUMBER
Classification number PB36.C551981
245 ## - TITLE STATEMENT
Title _Communication in the Classroom Applications and Methods for a Communicative Approach
260 ## - PUBLICATION, DISTRIBUTION, ETC. (IMPRINT)
Place of publication, distribution, etc. USA Longman Group 1981
300 ## - PHYSICAL DESCRIPTION
Extent vi,152p.:ill.
650 ## - SUBJECT ADDED ENTRY--TOPICAL TERM
Topical term or geographic name as entry element _Applications
980 ## - EQUIVALENCE OR CROSS-REFERENCE-SERIES STATEMENT--PERSONAL NAME/TITLE [LOCAL, CANADA]
Personal name ^d20110420 10:56:32^okorir

No items available.

© 2016 Maasai Mara University.